Detalles MARC
| 000 -LÍDER |
| Campo fijo de descripción fija |
02587cam a2200385 i 4500 |
| 001 - NÚMERO DE CONTROL |
| Campo de control |
768714001 |
| 003 - IDENTIFICADOR DEL NÚMERO DE CONTROL |
| Campo de control |
CO-MdFUSB |
| 005 - FECHA Y HORA DE LA ULTIMA TRANSACCIÓN |
| control field |
20240531062750.0 |
| 007 - CAMPO FIJO DE DESCRIPCIÓN FIJA--INFORMACIÓN GENERAL |
| Campo fijo de descripción fija |
ta |
| 008 - ELEMENTOS DE LONGITUD FIJA -- INFORMACIÓN GENERAL |
| Campo fijo de descripción fija -- Información general |
990302t 1999enk b 001 0 eng |
| 020 ## - NÚMERO INTERNACIONAL NORMALIZADO PARA LIBROS |
| Número Internacional Normalizado del libro |
0521774918 |
| 040 ## - FUENTE DE CATALOGACIÓN |
| Agencia de catalogación original |
DLC |
| Idioma de catalogación |
eng |
| Agencia que realiza la transcripción |
CO-MdFUSB |
| Agencia que realiza la modificación |
UKM |
| -- |
C#P |
| -- |
OCL |
| -- |
OrLoB-B |
| Convenciones de la descripción |
rda |
| 041 ## - CÓDIGO DE IDIOMA |
| Código de idioma para texto/pista de sonido o título separado |
eng |
| 082 ## - NÚMERO DE CLASIFICACIÓN DECIMAL DEWEY |
| Número de la edición del Dewey |
23 |
| Número de clasificación |
231.1 |
| Clave de autor-Numero de item |
M367 |
| 100 1# - ASIENTO PRINCIPAL--NOMBRE PERSONAL |
| Nombre personal |
Marshall, Bruce, |
| Fechas asociadas con el nombre |
1955- |
| Término relacionador |
autor |
| 245 10 - TÍTULO |
| Título del Material |
Trinity and truth / |
| Mención de responsabilidad, etc. |
Bruce D. Marshall. |
| 264 #1 - PRODUCCIÓN, PUBLICACIÓN, DISTRIBUCIÓN, MANUFACTURA, Y COPYRIGHT |
| Lugar de producción, publicación, distribución, manufactura |
Cambridge, U.K. ; |
| -- |
New York : |
| Nombre del productor, publicador, distribuidor |
Cambridge University Press, |
| Fecha de producción, publicación, distribución, manufactura, o copyright |
[1999] |
| 264 #4 - PRODUCCIÓN, PUBLICACIÓN, DISTRIBUCIÓN, MANUFACTURA, Y COPYRIGHT |
| Fecha de producción, publicación, distribución, manufactura, o copyright |
© 1999 |
| 300 ## - DESCRIPCIÓN FÍSICA |
| Extensión |
287 páginas ; |
| Dimensiones |
25 cm. |
| 336 ## - TIPO DE CONTENIDO |
| Término de tipo de contenido |
texto |
| Código de tipo de contenido |
txt |
| Fuente |
rdacontent. |
| 337 ## - TIPO DE MEDIO |
| Nombre del tipo de medio |
sin mediación |
| Código del tipo de medio |
n |
| Fuente |
rdamedia. |
| 338 ## - TIPO DE SOPORTE |
| Nombre del tipo de soporte |
volumen |
| Código Tipo de soporte |
nc |
| Fuente |
rdacarrier. |
| 490 1# - MENCIÓN DE SERIE |
| Mención de serie |
Cambridge studies in Christian doctrine ; |
| 504 ## - NOTA DE BIBLIOGRAFÍA, ETC. |
| Nota de bibliografía, etc |
Includes bibliographical references and index. |
| 505 ## - NOTA DE CONTENIDO |
| Nota de contenido con formato preestablecido |
Teología y verdad -- El Dios trino como centro de la creencia cristiana -- Justificación epistémica en la teología moderna -- Problemas sobre la justificación -- La primacía epistémica de la creencia en la Trinidad -- Prioridades epistémicas y afirmaciones ajenas -- El papel epistémico de la Espíritu -- El concepto de verdad -- Trinidad, verdad y creencia. |
| 520 1# - NOTA DE RESUMEN, ETC. |
| Nota de sumario, etc. |
"Dos preguntas estrechamente relacionadas reciben respuestas claramente teológicas en este estudio: ¿Qué es la verdad? y ¿Cómo podemos saber si lo que hemos dicho es verdad? Bruce Marshall propone que la identificación de Dios como la Trinidad por parte de la comunidad cristiana sirve como clave para una tratamiento adecuado de estas cuestiones El profesor Marshall argumenta sobre bases trinitarias que la forma cristiana de identificar a Dios debe tener una primacía irrestricta cuando se trata de la justificación de la creencia, y propone una forma trinitaria de remodelar el concepto de verdad. El debate filosófico actual sobre la verdad, el significado y la creencia (en Davidson y otros) sugiere que una explicación trinitaria de la justificación epistémica y la verdad también es más convincente filosóficamente que los enfoques generalmente favorecidos en la teología moderna, como lo ejemplifican Schleiermacher, Ritschl, Rahner y otros. Marshall ofrece una forma contemporánea de concebir al Dios cristiano como "la verdad". |
| 650 #7 - ASIENTO SECUNDARIO DE MATERIA - TERMINO TEMÁTICO |
| Término temático o nombre geográfico como elemento de entrada |
Cristianismo |
| Fuente del encabezamiento o término |
|
| 9 (RLIN) |
22 |
| 650 #7 - ASIENTO SECUNDARIO DE MATERIA - TERMINO TEMÁTICO |
| Término temático o nombre geográfico como elemento de entrada |
Trinidad |
| 9 (RLIN) |
177 |
| 650 #7 - ASIENTO SECUNDARIO DE MATERIA - TERMINO TEMÁTICO |
| Término temático o nombre geográfico como elemento de entrada |
Paz |
| Fuente del encabezamiento o término |
embne |
| 9 (RLIN) |
2054 |
| Subdivisión general |
Aspectos religiosos |
| -- |
Cristianismo |
| 653 ## - TÉRMINO DE INDIZACIÓN - NO CONTROLADO |
| Término no controlado |
Verdad |
| 830 #0 - PUNTO DE ACCESO ADICIONAL DE SERIE - TÍTULO UNIFORME |
| Título uniforme |
Cambridge studies in Christian doctrine ; |
| Designación de volumen o secuencia |
3. |
| 942 ## - TIPO DE MATERIAL (KOHA) |
| Tipo de Item KOHA |
Libros General |
| 945 ## - INFORMACIÓN LOCAL DEL REGISTRO |
| Catalogador |
JTF-925 |